Normal view
MARC view
Entry Personal Name
001 - CONTROL NUMBER
- control field: 79413
003 - CONTROL NUMBER IDENTIFIER
- control field: OSt
005 - DATE AND TIME OF LATEST TRANSACTION
- control field: 20200829124644.0
008 - FIXED-LENGTH DATA ELEMENTS
- fixed length control field: 200829|| aca||aabn | a|a d
040 ## - CATALOGING SOURCE
- Original cataloging agency: OSt
- Transcribing agency: OSt
100 ## - HEADING--PERSONAL NAME
- Personal name: Pandey, M.N.
670 ## - SOURCE DATA FOUND
- Source citation: Work cat.: (OSt): Pandey, M.N., English Grammar महत्वपूर्ण नियम, उदाहरण एवं शब्द अर्थ , 2020









